[Event "25th European Teams"]
[Site "Batumi GEO"]
[Date "2025.10.07"]
[Round "3.5"]
[Board "1"]
[White "Nguyen, Thai Dai Van"]
[Black "Sargsyan, Shant"]
[Result "1/2-1/2"]
[WhiteTitle "GM"]
[BlackTitle "GM"]
[WhiteElo "2664"]
[BlackElo "2667"]
[WhiteTeam "Czech Republic"]
[BlackTeam "Armenia"]
[WhiteFideId "358878"]
[BlackFideId "13306766"]
[EventDate "2025.10.05"]

1. e4 e5 2. Nf3 Nc6 3. Bb5 a6 4. Ba4 Nf6 5. O-O Be7 6. Bxc6 dxc6 7. d3 Nd7 8.
Be3 O-O 9. Nc3 a5 10. a4 f6 11. Ne2 Nc5 12. Ng3 Rf7 13. Nf5 Bf8 14. N3h4 Bxf5
15. Nxf5 Ne6 16. Qg4 g6 17. h4 Kh8 18. Nh6 Re7 19. Nf7+ Rxf7 20. Qxe6 Qd7 21.
Qb3 b6 22. d4 exd4 23. Bxd4 Re8 24. Rad1 Bd6 25. Rfe1 Qe6 26. Qxe6 Rxe6 27. f3
h5 28. Kf2 Kg8 29. g3 Rfe7 30. Be3 Kf7 31. Bf4 Re8 32. Rd3 f5 33. e5 Bxe5 34.
Rd7+ Kf8 35. Bxe5 Rxe5 36. Rxe5 Rxe5 37. Rxc7 Re6 38. Rb7 c5 39. Rd7 Ke8 40. Rd2
Kf7 41. Rd7+ Ke8 42. Rd3 Kf7 43. Rd2 Kg7 44. Rd7+ Kf8 45. c3 Ke8 46. Rb7 Kf8 47.
Rd7 Ke8 48. Rd3 Kf7 49. Re3 Rd6 50. Ke2 1/2-1/2

[Event "25th European Teams"]
[Site "Batumi GEO"]
[Date "2025.10.07"]
[Round "3.5"]
[Board "2"]
[White "Hovhannisyan, Robert"]
[Black "Navara, David"]
[Result "1/2-1/2"]
[WhiteTitle "GM"]
[BlackTitle "GM"]
[WhiteElo "2633"]
[BlackElo "2656"]
[WhiteTeam "Armenia"]
[BlackTeam "Czech Republic"]
[WhiteFideId "13302507"]
[BlackFideId "309095"]
[EventDate "2025.10.05"]

1. e4 e5 2. Nf3 Nc6 3. Bb5 Nf6 4. O-O Nxe4 5. d4 Nd6 6. Bxc6 dxc6 7. dxe5 Nf5 8.
Qxd8+ Kxd8 9. Rd1+ Ke8 10. Nc3 Be7 11. g4 Nh4 12. Nxh4 Bxh4 13. f3 h5 14. h3 f6
15. exf6 gxf6 16. Be3 Kf7 17. Rd3 Be6 18. Bf2 Bxf2+ 19. Kxf2 Rad8 20. Rxd8 Rxd8
21. Ke3 Rh8 22. Ne2 hxg4 23. hxg4 a5 24. Rd1 Re8 25. Kf2 Bxa2 26. b3 a4 27. bxa4
Bd5 28. Nf4 Ra8 29. Nxd5 cxd5 30. Rxd5 Rxa4 31. Rd7+ Kg6 32. Rxc7 f5 33. gxf5+
Kxf5 34. Ke3 Rb4 35. Rc3 Ke5 36. Rb3 Rc4 37. Kd2 Rf4 38. Re3+ Kd5 39. Rd3+ Ke6
40. Re3+ Kd5 41. Ke1 b5 42. Kf2 Rc4 43. Re2 Rc8 44. f4 Rc3 45. f5 b4 46. Kg2 b3
47. cxb3 Rxb3 48. f6 Rb8 49. Kg3 Rf8 50. Rf2 Ke6 51. f7 Rxf7 52. Rxf7 Kxf7 1/2-1/2

[Event "25th European Teams"]
[Site "Batumi GEO"]
[Date "2025.10.07"]
[Round "3.5"]
[Board "3"]
[White "Finek, Vaclav"]
[Black "Martirosyan, Haik M."]
[Result "1/2-1/2"]
[WhiteTitle "IM"]
[BlackTitle "GM"]
[WhiteElo "2518"]
[BlackElo "2626"]
[WhiteTeam "Czech Republic"]
[BlackTeam "Armenia"]
[WhiteFideId "23718293"]
[BlackFideId "13306553"]
[EventDate "2025.10.05"]

1. c4 e5 2. g3 Nf6 3. Bg2 d5 4. cxd5 Nxd5 5. Nf3 Nc6 6. O-O Nb6 7. b3 Bd6 8. Bb2
O-O 9. Nc3 Re8 10. Ne4 Bf8 11. Rc1 f5 12. Nc3 e4 13. Ne1 Nb4 14. d3 c6 15. dxe4
Qxd1 16. Rxd1 fxe4 17. a3 N4d5 18. Nxe4 Bf5 19. Nd2 Rxe2 20. Nef3 Ree8 21. Rfe1
Rad8 22. Rxe8 Rxe8 23. Rc1 a5 24. Bf1 h6 25. h4 Bg6 26. Nc4 Nxc4 27. Bxc4 Bf7
28. Nd4 Nb6 29. Bxf7+ Kxf7 30. Kf1 Rd8 31. Nf3 Kg8 32. Ke2 Re8+ 33. Kf1 Nd7 34.
Rc3 Nc5 35. Bc1 Ne4 36. Rc2 Rd8 37. Ke2 Rd5 38. Rc4 Nc5 39. Rc3 Be7 40. Be3 Ne4
41. Rc4 Nd6 42. Rc5 Nb5 43. Rxd5 Nc3+ 44. Kd3 Nxd5 45. Bd2 Bxa3 46. Bxa5 Bc5 47.
Be1 Kf7 48. Nd4 Nb4+ 49. Bxb4 Bxb4 50. f3 Be1 51. Ne2 g6 52. Ke4 Kf6 53. f4 c5
54. Kf3 Ke6 55. Nc1 Kd5 56. Nd3 Bc3 57. g4 b5 58. h5 gxh5 59. gxh5 Bd4 60. Ne1
c4 61. bxc4+ Kxc4 62. Nc2 Kc3 63. Ke4 Bf2 64. Na3 b4 65. Nb5+ Kc2 66. Kd5 b3 67.
Na3+ Kd3 68. Nc4 Bd4 69. f5 Kc3 70. Nb2 Kxb2 71. Kxd4 Kc2 72. f6 b2 73. f7 b1=Q
74. f8=Q Qd1+ 75. Ke3 Qe1+ 76. Kd4 Qd2+ 77. Ke5 Qe2+ 78. Kd4 Qxh5 79. Qf2+ Kb3
80. Qg3+ Ka4 81. Ke3 Qg5+ 82. Qxg5 hxg5 83. Kf3 g4+ 84. Kxg4 1/2-1/2

[Event "25th European Teams"]
[Site "Batumi GEO"]
[Date "2025.10.07"]
[Round "3.5"]
[Board "4"]
[White "Hakobyan, Aram"]
[Black "Vykouk, Jan"]
[Result "1/2-1/2"]
[WhiteTitle "GM"]
[BlackTitle "IM"]
[WhiteElo "2624"]
[BlackElo "2516"]
[WhiteTeam "Armenia"]
[BlackTeam "Czech Republic"]
[WhiteFideId "13306677"]
[BlackFideId "349658"]
[EventDate "2025.10.05"]

1. d4 d6 2. Nf3 Nf6 3. Bg5 Nbd7 4. e3 h6 5. Bh4 g5 6. Bg3 Ne4 7. Bd3 Nxg3 8.
hxg3 Bg7 9. Nbd2 e6 10. c3 b6 11. Qe2 a6 12. e4 Bb7 13. Nc4 Qe7 14. O-O-O O-O-O
15. Ne3 b5 16. a4 c6 17. Kb1 Kb8 18. axb5 axb5 19. Nd2 Nb6 20. f4 Qc7 21. e5
dxe5 22. dxe5 gxf4 23. gxf4 f6 24. exf6 Bxf6 25. Ne4 Be7 26. f5 Nd5 27. Nxd5
exd5 28. Nd2 b4 29. c4 Bf6 30. Nb3 Bc8 31. g4 Rhe8 32. Qd2 c5 33. Qxh6 Qe5 34.
Qc1 dxc4 35. Rhe1 Qxb2+ 36. Qxb2 Rxe1 37. Qh2+ Be5 38. Rxe1 Bxh2 39. Bxc4 Bg3
40. Rf1 Bh4 41. Kc2 Bf6 42. Nxc5 Rd4 43. Be2 Kc7 44. Rh1 Kd6 45. Nb3 Re4 46. Rh2
Bd7 47. Nd2 Rd4 48. Rh6 1/2-1/2

[Event "25th European Teams"]
[Site "Batumi GEO"]
[Date "2025.10.07"]
[Round "3.6"]
[Board "1"]
[White "Chigaev, Maksim"]
[Black "Gurel, Ediz"]
[Result "1/2-1/2"]
[WhiteTitle "GM"]
[BlackTitle "GM"]
[WhiteElo "2634"]
[BlackElo "2634"]
[WhiteTeam "Spain"]
[BlackTeam "Turkiye"]
[WhiteFideId "4108116"]
[BlackFideId "44507356"]
[EventDate "2025.10.05"]

1. e4 c5 2. Nf3 e6 3. d4 cxd4 4. Nxd4 Nf6 5. Nc3 Nc6 6. Be2 d6 7. Be3 Be7 8. a3
a6 9. f4 Bd7 10. Qd3 Rc8 11. O-O-O Qc7 12. Kb1 h5 13. h3 h4 14. Rhg1 b5 15. Nxc6
Bxc6 16. f5 O-O 17. g3 b4 18. axb4 Qb7 19. gxh4 Nxe4 20. fxe6 Bf6 21. exf7+ Rxf7
22. Bd4 Nxc3+ 23. Qxc3 Be4 24. Bxf6 Rxc3 25. Bxc3 Bf3 26. Bxf3 Qxf3 27. Rd2 d5
28. Rxd5 Qg3 29. Rd6 Qxh3 30. Rdg6 Rf1+ 31. Ka2 Rxg1 32. Rxg1 Qxh4 33. Rxg7+ Kf8
34. b3 Ke8 35. Kb2 Qe4 36. Rg5 Qc6 37. Rc5 Qb7 38. Rc4 Kd7 39. Ka2 Ke6 40. Bb2
Qg2 41. Rc5 Kd7 42. c3 Qe2 43. c4 Qe6 44. Ka3 Qg6 45. Ka2 Qb6 46. Rd5+ Kc8 47.
Ka3 Qg6 48. b5 axb5 49. Rxb5 Qa6+ 50. Kb4 Qd6+ 51. Ka4 Qa6+ 52. Ra5 Qc6+ 53. Ka3
Qd6+ 54. Ka2 Qb6 55. Rd5 Qa7+ 56. Kb1 Qe3 57. Ka2 Qa7+ 58. Ba3 Qf2+ 59. Kb1 Qe3
60. Kc2 Qe4+ 61. Rd3 Kb7 62. Bc1 Kc6 63. Be3 Kb7 64. Kd2 Qe5 65. Bd4 Qf4+ 66.
Kc2 Qe4 67. Be3 Ka6 68. Kd2 Qe5 69. Rd4 Qa5+ 70. Kd3 Qa3 71. Ke4 Qxb3 72. Rd6+
Kb7 73. Rb6+ Ka8 74. Rxb3 1/2-1/2

[Event "25th European Teams"]
[Site "Batumi GEO"]
[Date "2025.10.07"]
[Round "3.6"]
[Board "2"]
[White "Yilmaz, Mustafa"]
[Black "Anton Guijarro, David"]
[Result "1/2-1/2"]
[WhiteTitle "GM"]
[BlackTitle "GM"]
[WhiteElo "2591"]
[BlackElo "2631"]
[WhiteTeam "Turkiye"]
[BlackTeam "Spain"]
[WhiteFideId "6302718"]
[BlackFideId "2285525"]
[EventDate "2025.10.05"]

1. d4 Nf6 2. c4 e6 3. Nf3 d5 4. Nc3 Be7 5. Bf4 O-O 6. e3 b6 7. Bd3 Ba6 8. cxd5
Nxd5 9. Nxd5 Qxd5 10. O-O Rc8 11. Re1 Bxd3 12. Qxd3 Qb7 13. e4 Nd7 14. d5 exd5
15. exd5 Bd6 16. Bxd6 cxd6 17. Ng5 Nf6 18. Ne4 Nxe4 19. Rxe4 Re8 20. Rc1 Rxe4
21. Qxe4 Qd7 22. h3 Re8 23. Qg4 Qb5 24. b3 g6 25. Qf3 Qe2 26. Rc7 Qxf3 27. gxf3
Re5 28. Rxa7 Rxd5 29. b4 b5 30. a4 bxa4 31. Rxa4 Kf8 32. Ra8+ Ke7 33. Rb8 Rf5
34. Rb7+ Ke6 35. Kg2 g5 36. b5 d5 37. Rc7 Rf4 38. b6 Kd6 39. Rc8 Rb4 40. Rc7 f6
41. Rxh7 Rxb6 42. f4 gxf4 43. h4 d4 44. h5 Rb5 45. h6 Rh5 46. Rh8 Ke7 47. h7 d3
48. Ra8 d2 49. Ra1 Rxh7 50. Rd1 Ke6 1/2-1/2

[Event "25th European Teams"]
[Site "Batumi GEO"]
[Date "2025.10.07"]
[Round "3.6"]
[Board "3"]
[White "Yuffa, Daniil"]
[Black "Sanal, Vahap"]
[Result "0-1"]
[WhiteTitle "GM"]
[BlackTitle "GM"]
[WhiteElo "2621"]
[BlackElo "2538"]
[WhiteTeam "Spain"]
[BlackTeam "Turkiye"]
[WhiteFideId "24131423"]
[BlackFideId "6300545"]
[EventDate "2025.10.05"]

1. c4 b6 2. d4 e6 3. e4 Bb7 4. Bd3 Bb4+ 5. Bd2 Bxd2+ 6. Qxd2 f5 7. Nc3 Nf6 8. f3
Nc6 9. exf5 Nxd4 10. Qe3 c5 11. Nge2 Nxe2 12. Nxe2 Qe7 13. Ng3 O-O-O 14. O-O-O
Rhe8 15. Rhe1 e5 16. Ne4 d5 17. Ng5 dxc4 18. Bxc4 Nd5 19. Bxd5 Bxd5 20. a3 h6
21. Ne4 Bc6 22. f6 gxf6 23. Qxh6 Bxe4 24. fxe4 Qe6 25. Kb1 Rd4 26. Rf1 Red8 27.
Rxd4 exd4 28. Qh7 Rd7 29. Qf5 Qc6 30. h4 d3 31. h5 Qa4 32. Qf3 Qc2+ 33. Ka2 d2
34. Rd1 Rd3 35. Qg4+ Kb7 36. e5 c4 37. Ka1 f5 0-1

[Event "25th European Teams"]
[Site "Batumi GEO"]
[Date "2025.10.07"]
[Round "3.6"]
[Board "4"]
[White "Can, Isik"]
[Black "Santos Latasa, Jaime"]
[Result "0-1"]
[WhiteTitle "GM"]
[BlackTitle "GM"]
[WhiteElo "2515"]
[BlackElo "2609"]
[WhiteTeam "Turkiye"]
[BlackTeam "Spain"]
[WhiteFideId "6383742"]
[BlackFideId "2293307"]
[EventDate "2025.10.05"]

1. e4 c5 2. Nf3 d6 3. d4 cxd4 4. Nxd4 Nf6 5. Nc3 a6 6. Bd3 g6 7. f3 e5 8. Nb3
Be6 9. Qe2 Nbd7 10. Bc4 Rc8 11. Bxe6 fxe6 12. O-O Qc7 13. a4 Qc4 14. Qxc4 Rxc4
15. Rd1 b6 16. Bg5 Be7 17. Nd2 Rc5 18. a5 b5 19. Rac1 Rc6 20. Na2 d5 21. c3 Kf7
22. Re1 Rhc8 23. Rcd1 Bd6 24. Nf1 d4 25. cxd4 exd4 26. Rxd4 Bc5 27. Be3 Bxd4 28.
Bxd4 Rc4 29. Bc3 Ra4 30. Nb4 Rxa5 31. Rd1 Ra4 32. Ne3 a5 33. Nd3 b4 34. Bd4 Ra2
35. g4 Ke7 36. Kf2 Ne8 37. g5 Nd6 38. Ne5 Nb5 39. N3c4 Nxd4 0-1

[Event "25th European Teams"]
[Site "Batumi GEO"]
[Date "2025.10.07"]
[Round "3.7"]
[Board "1"]
[White "Saric, Ivan"]
[Black "Ponomariov, Ruslan"]
[Result "1/2-1/2"]
[WhiteTitle "GM"]
[BlackTitle "GM"]
[WhiteElo "2661"]
[BlackElo "2633"]
[WhiteTeam "Croatia"]
[BlackTeam "Ukraine"]
[WhiteFideId "14508150"]
[BlackFideId "14103320"]
[EventDate "2025.10.05"]

1. Nf3 d5 2. g3 c6 3. Bg2 Bg4 4. O-O Nd7 5. h3 Bxf3 6. Bxf3 e5 7. d3 Ngf6 8. Nd2
Bc5 9. e4 dxe4 10. dxe4 O-O 11. Qe2 Qe7 12. a4 a5 13. Nc4 Nb6 14. Ne3 g6 15. Kg2
Rfd8 16. Ng4 Nxg4 17. hxg4 Nd7 18. Qd2 Qf6 19. Rh1 Be7 20. Qh6 Qg7 21. Qxg7+
Kxg7 22. Bd2 Nc5 23. Bc3 f6 24. g5 Ne6 25. gxf6+ Bxf6 26. Be2 Nd4 27. Bd3 h5 28.
f4 exf4 29. Bxd4 f3+ 30. Kxf3 Bxd4 31. Raf1 b5 32. b3 bxa4 33. bxa4 Rab8 34. Kg2
Rb4 35. g4 hxg4 36. Rf4 Rxa4 37. e5 Rf8 38. Rxg4 Rf2+ 39. Kh3 Rf3+ 40. Kg2 Rf2+
41. Kh3 Rf3+ 1/2-1/2

[Event "25th European Teams"]
[Site "Batumi GEO"]
[Date "2025.10.07"]
[Round "3.7"]
[Board "2"]
[White "Volokitin, Andrei"]
[Black "Brkic, Ante"]
[Result "1/2-1/2"]
[WhiteTitle "GM"]
[BlackTitle "GM"]
[WhiteElo "2617"]
[BlackElo "2578"]
[WhiteTeam "Ukraine"]
[BlackTeam "Croatia"]
[WhiteFideId "14107090"]
[BlackFideId "14506688"]
[EventDate "2025.10.05"]

1. e4 c5 2. Nf3 d6 3. d4 cxd4 4. Nxd4 Nf6 5. Nc3 a6 6. Be3 e5 7. Nb3 Be7 8. Rg1
Ng4 9. Bd2 O-O 10. h3 Nf6 11. g4 d5 12. exd5 Nxd5 13. Bg2 Nxc3 14. Bxc3 Nc6 15.
Qxd8 Rxd8 16. Bxc6 bxc6 17. Bxe5 a5 18. a4 Bg5 19. Kf1 c5 20. Nxc5 Rd2 21. c4
Rc2 22. b3 h5 23. Rg2 hxg4 24. hxg4 Be7 25. Ne4 f6 26. Bd6 Bb7 27. Bxe7 Bxe4 28.
Rg3 Kf7 29. Re1 Bc6 30. g5 fxg5 31. Bxg5 Rh8 32. Re7+ Kf8 33. Rc7 Rh1+ 34. Rg1
Rb2 35. Rc8+ Kf7 36. Rc7+ Kf8 37. Rxh1 Bxh1 38. Rc8+ Kf7 39. Rb8 Bf3 40. Kg1 Bd1
41. Rb5 Rxb3 42. Rxa5 Rb4 43. Ra7+ Kg6 44. Be3 Rxa4 45. Rc7 Be2 46. c5 Rg4+ 47.
Kh2 Rh4+ 48. Kg3 Rg4+ 49. Kh3 Kh5 50. f4 Rg6 51. Bd4 Bf1+ 52. Kh2 Kg4 53. Rxg7
Rxg7 54. Bxg7 Kxf4 55. c6 Ba6 56. c7 1/2-1/2

[Event "25th European Teams"]
[Site "Batumi GEO"]
[Date "2025.10.07"]
[Round "3.7"]
[Board "3"]
[White "Livaic, Leon"]
[Black "Korobov, Anton"]
[Result "1/2-1/2"]
[WhiteTitle "GM"]
[BlackTitle "GM"]
[WhiteElo "2551"]
[BlackElo "2596"]
[WhiteTeam "Croatia"]
[BlackTeam "Ukraine"]
[WhiteFideId "14531534"]
[BlackFideId "14105730"]
[EventDate "2025.10.05"]

1. e4 e6 2. d4 d5 3. Nc3 Nf6 4. e5 Nfd7 5. f4 c5 6. Nf3 Nc6 7. Be3 a6 8. Qd2 b5
9. a3 Qa5 10. dxc5 Bxc5 11. Bxc5 Nxc5 12. Ne2 Qxd2+ 13. Kxd2 Ke7 14. Ned4 Nxd4
15. Nxd4 Bd7 16. Bd3 h5 17. Raf1 f5 18. Ke3 Rab8 19. g3 b4 20. Ra1 b3 21. Rac1
h4 22. Rhg1 g5 23. g4 gxf4+ 24. Kxf4 fxg4 25. Rxg4 bxc2 26. Bxc2 Rxb2 27. Rg7+
Kd8 28. Kg4 Rf8 29. Kxh4 Rh8+ 30. Kg3 Ra2 31. Bh7 Rxa3+ 32. Kg4 Ra4 33. Rxc5
Rxd4+ 34. Kg5 Rd2 35. h4 Re2 36. h5 Rxe5+ 37. Kg4 Re1 38. Bg6 d4 39. Rc2 d3 40.
Rd2 e5+ 41. Kg3 Bb5 42. Rf2 Rg1+ 43. Kh2 Rxg6 44. Rxg6 Rxh5+ 45. Kg3 Ke7 46. Kg4
Rh7 47. Kg5 Rf7 48. Rf5 Rxf5+ 49. Kxf5 d2 50. Rg1 Kd6 51. Rd1 Bd3+ 52. Kg5 Kd5
53. Rxd2 Kd4 54. Rd1 e4 55. Kf4 e3 56. Kf3 e2 57. Ra1 Kc3 58. Ke3 Bc4 59. Rc1+
Kb2 60. Kd2 Bb5 61. Rc5 Kb3 62. Re5 Kb4 63. Kc2 1/2-1/2

[Event "25th European Teams"]
[Site "Batumi GEO"]
[Date "2025.10.07"]
[Round "3.7"]
[Board "4"]
[White "Kovalenko, Igor"]
[Black "Martinovic, Sasa"]
[Result "1-0"]
[WhiteTitle "GM"]
[BlackTitle "GM"]
[WhiteElo "2669"]
[BlackElo "2553"]
[WhiteTeam "Ukraine"]
[BlackTeam "Croatia"]
[WhiteFideId "14117908"]
[BlackFideId "14509792"]
[EventDate "2025.10.05"]

1. e4 e6 2. d4 d5 3. e5 c5 4. c3 Nc6 5. Nf3 Bd7 6. Be2 Nge7 7. O-O Ng6 8. Be3
Qb6 9. Qd2 Be7 10. Re1 O-O 11. Bd3 c4 12. Be2 f6 13. exf6 Rxf6 14. Ne5 Qc7 15.
Nxd7 Qxd7 16. Bg4 h6 17. Qe2 Qc7 18. g3 e5 19. Bh3 Rd8 20. Qh5 Bf8 21. Re2 b5
22. a3 a5 23. Nd2 exd4 24. cxd4 b4 25. axb4 axb4 26. Nf3 Qf7 27. Bg5 Rf5 28. Ra6
Rd6 29. Bxf5 Qxf5 30. Ra8 Nge7 31. Bxe7 Qxh5 32. Rxf8+ Kh7 33. Bxd6 Qg6 34. Ree8
Qxd6 35. Nh4 Qxf8 36. Rxf8 Nxd4 37. Kf1 1-0

[Event "25th European Teams"]
[Site "Batumi GEO"]
[Date "2025.10.07"]
[Round "3.8"]
[Board "1"]
[White "Mchedlishvili, Mikheil"]
[Black "Keymer, Vincent"]
[Result "0-1"]
[WhiteTitle "GM"]
[BlackTitle "GM"]
[WhiteElo "2562"]
[BlackElo "2755"]
[WhiteTeam "Georgia 1"]
[BlackTeam "Germany"]
[WhiteFideId "13600966"]
[BlackFideId "12940690"]
[EventDate "2025.10.05"]

1. e4 e5 2. Nf3 Nc6 3. Bb5 a6 4. Ba4 Nf6 5. O-O Be7 6. d3 b5 7. Bb3 d6 8. c3 O-O
9. h3 h6 10. Re1 Re8 11. Nbd2 Bf8 12. d4 Bb7 13. Bc2 g6 14. d5 Nb8 15. b3 c6 16.
c4 Qc7 17. Nf1 Rc8 18. Bd3 Nbd7 19. Ng3 Nc5 20. Bf1 a5 21. Bd2 bxc4 22. bxc4 Ba6
23. Rb1 h5 24. Bg5 Bg7 25. Nd2 a4 26. Nf3 Rab8 27. Rxb8 Rxb8 28. Qc2 Rc8 29. Qb1
Nfd7 30. Be3 Qa5 31. Bd2 Qd8 32. Bg5 Bf6 33. Be3 h4 34. Nh1 Rb8 35. Qc2 cxd5 36.
cxd5 Bxf1 37. Rxf1 a3 38. Rb1 Rxb1+ 39. Qxb1 Qa5 40. g3 Qc3 41. gxh4 Qb2 42. Nd2
Bxh4 43. Ng3 Bxg3 44. fxg3 Na4 45. Qd1 Nac5 46. Qb1 Nf6 47. Bxc5 dxc5 48. Qxb2
axb2 49. Nb1 Nxe4 50. Kf1 c4 51. Ke2 Nc5 52. Kd2 Na4 53. Kc2 e4 54. d6 Kf8 0-1

[Event "25th European Teams"]
[Site "Batumi GEO"]
[Date "2025.10.07"]
[Round "3.8"]
[Board "2"]
[White "Svane, Rasmus"]
[Black "Pantsulaia, Levan"]
[Result "1-0"]
[WhiteTitle "GM"]
[BlackTitle "GM"]
[WhiteElo "2614"]
[BlackElo "2457"]
[WhiteTeam "Germany"]
[BlackTeam "Georgia 1"]
[WhiteFideId "4657101"]
[BlackFideId "13602071"]
[EventDate "2025.10.05"]

1. d4 Nf6 2. Nf3 c5 3. d5 g6 4. Nc3 Bg7 5. e4 d6 6. Be2 O-O 7. O-O Na6 8. Bf4
Nc7 9. a4 b6 10. h3 a6 11. Re1 Rb8 12. e5 Nfe8 13. Qd2 b5 14. axb5 axb5 15. Rad1
Qd7 16. Ne4 c4 17. Bh6 Bb7 18. Bxg7 Kxg7 19. Qd4 f6 20. exd6 exd6 21. Nc3 b4 22.
Qa7 Qc8 23. Ne4 Ra8 24. Qd4 Bxd5 25. Ned2 c3 26. Nc4 Bxc4 27. Bxc4 Qd7 28. bxc3
bxc3 29. Re3 d5 30. Rde1 Rf7 31. Bb3 Rd8 32. Ba4 Nb5 33. Bxb5 Qxb5 34. Ng5 1-0

[Event "25th European Teams"]
[Site "Batumi GEO"]
[Date "2025.10.07"]
[Round "3.8"]
[Board "3"]
[White "Jobava, Baadur"]
[Black "Bluebaum, Matthias"]
[Result "1-0"]
[WhiteTitle "GM"]
[BlackTitle "GM"]
[WhiteElo "2573"]
[BlackElo "2687"]
[WhiteTeam "Georgia 1"]
[BlackTeam "Germany"]
[WhiteFideId "13601520"]
[BlackFideId "24651516"]
[EventDate "2025.10.05"]

1. e4 e5 2. Nf3 Nf6 3. d3 Nc6 4. c3 d5 5. Qc2 a5 6. a4 Bc5 7. Be2 O-O 8. O-O h6
9. Na3 Qe7 10. Nb5 dxe4 11. dxe4 Be6 12. Bd2 Rad8 13. Rad1 Rd7 14. Bc1 Rxd1 15.
Bxd1 Rd8 16. Be2 Ne8 17. Rd1 Rxd1+ 18. Qxd1 Nd6 19. Nxd6 Bxd6 20. Be3 Bc5 21.
Bxc5 Qxc5 22. h4 Kf8 23. Nd2 Qd6 24. Qc2 Nb8 25. Nc4 Bxc4 26. Bxc4 Nd7 27. g3
Nc5 28. b4 axb4 29. cxb4 Ne6 30. Bxe6 fxe6 31. b5 b6 32. h5 Ke7 33. Kg2 Kf6 34.
Qe2 g5 35. hxg6 Kxg6 36. Qg4+ Kf7 37. Qh5+ Kg7 38. Qe8 Qb4 39. Qd7+ Kf6 40. Qd8+
Kg6 41. Qg8+ Kf6 42. Qh8+ Kg6 43. Qxe5 Qc4 44. g4 Kf7 45. Kg3 Qd3+ 46. f3 Qc4
47. Qf4+ Kg6 48. e5 Qc5 49. Qf6+ Kh7 50. Qf7+ Kh8 51. Qxe6 Qg1+ 52. Kf4 Qd4+ 53.
Kf5 Qd3+ 54. Kf6 Qxf3+ 55. Kg6 1-0

[Event "25th European Teams"]
[Site "Batumi GEO"]
[Date "2025.10.07"]
[Round "3.8"]
[Board "4"]
[White "Svane, Frederik"]
[Black "Paichadze, Luka"]
[Result "1-0"]
[WhiteTitle "GM"]
[BlackTitle "GM"]
[WhiteElo "2638"]
[BlackElo "2502"]
[WhiteTeam "Germany"]
[BlackTeam "Georgia 1"]
[WhiteFideId "12923044"]
[BlackFideId "13602934"]
[EventDate "2025.10.05"]

1. e4 c6 2. d4 d5 3. e5 Bf5 4. Nf3 e6 5. Be2 c5 6. Be3 cxd4 7. Nxd4 Ne7 8. O-O
Nbc6 9. Bb5 a6 10. Bxc6+ bxc6 11. c4 Qd7 12. Nc3 dxc4 13. Na4 Nd5 14. Nxf5 exf5
15. Qd4 Be7 16. Qxc4 O-O 17. Rfe1 Rfe8 18. Rac1 Bb4 19. Nb6 Nxb6 20. Qxb4 Nd5
21. Qd6 Rad8 22. Qxd7 Rxd7 23. Bd2 Re6 24. Kf1 h6 25. Rc5 Nb6 26. Ba5 Nd5 27. g3
f4 28. Kg2 g5 29. Bd2 Ne7 30. Bc1 Ng6 31. Ra5 f6 32. Rxa6 fxe5 33. Ra4 Kf7 34.
Rae4 h5 35. a4 Rd3 36. b4 Rb3 37. a5 Rd6 38. a6 c5 39. b5 Rxb5 40. Ra4 Rb8 41.
a7 Ra8 42. Ba3 g4 43. Rb1 f3+ 44. Kf1 Ne7 45. Ke1 Rd4 46. Ra6 Re4+ 47. Kf1 Rd4
48. Bxc5 Rd5 49. Be3 Rd7 50. Ke1 Nf5 51. Bc5 Nd4 52. Ra2 Nc6 53. Ra6 Nd4 54. Rb2
Kg7 55. Bxd4 exd4 56. Rba2 Rb7 57. Kd2 Rb1 58. Kd3 Rd1+ 59. Rd2 Re1 60. Rb2 Re7
61. Rba2 Rd7 62. R2a5 Kf8 63. Rf5+ Kg7 64. Rfa5 Kf8 65. Rf5+ Kg7 66. Rxh5 Raxa7
67. Rg5+ Kh7 68. Rxa7 Rxa7 69. Rxg4 Ra2 70. Rxd4 Rxf2 71. Rh4+ Kg6 72. Ke3 Rf1
73. Rf4 Kh5 74. Rxf3 Rh1 75. Rf8 Kg4 76. Rg8+ 1-0

[Event "25th European Teams"]
[Site "Batumi GEO"]
[Date "2025.10.07"]
[Round "3.9"]
[Board "1"]
[White "Rapport, Richard"]
[Black "Gazik, Viktor"]
[Result "1-0"]
[WhiteTitle "GM"]
[BlackTitle "GM"]
[WhiteElo "2724"]
[BlackElo "2556"]
[WhiteTeam "Hungary"]
[BlackTeam "Slovakia"]
[WhiteFideId "738590"]
[BlackFideId "14928752"]
[EventDate "2025.10.05"]

1. e4 c5 2. Nf3 d6 3. Bb5+ Nd7 4. O-O a6 5. Be2 Ngf6 6. d3 g6 7. c4 Bg7 8. Nc3
O-O 9. d4 cxd4 10. Nxd4 Qb6 11. Nb3 Qc7 12. Bg5 b6 13. f3 e6 14. Qd2 Ne5 15.
Rac1 Ne8 16. f4 Nc6 17. Kh1 Rb8 18. Bh4 Na5 19. f5 Be5 20. Nd4 Ng7 21. fxg6 fxg6
22. Rxf8+ Kxf8 23. b4 Nb7 24. Nf3 Bxc3 25. Rxc3 Kg8 26. e5 Nf5 27. Bf6 Bd7 28.
g4 Ng7 29. exd6 Qc6 30. Qh6 Ne8 31. Be5 Nbxd6 32. Qf4 Rd8 33. Kg1 Qe4 34. Qxe4
Nxe4 35. Rd3 Kf8 36. Bd4 Rb8 37. Ne5 N8f6 38. g5 Nxg5 39. Be3 1-0

[Event "25th European Teams"]
[Site "Batumi GEO"]
[Date "2025.10.07"]
[Round "3.9"]
[Board "2"]
[White "Sahidi, Samir"]
[Black "Leko, Peter"]
[Result "1/2-1/2"]
[WhiteTitle "IM"]
[BlackTitle "GM"]
[WhiteElo "2490"]
[BlackElo "2666"]
[WhiteTeam "Slovakia"]
[BlackTeam "Hungary"]
[WhiteFideId "14936372"]
[BlackFideId "703303"]
[EventDate "2025.10.05"]

1. d4 Nf6 2. c4 e6 3. Nf3 d5 4. Nc3 Bb4 5. e3 O-O 6. Bd2 b6 7. Rc1 Bb7 8. cxd5
exd5 9. Bd3 Re8 10. O-O Bf8 11. Ne5 c5 12. f4 Nc6 13. Ne2 Rc8 14. Be1 Ne4 15.
Rf3 Rc7 16. h4 Qc8 17. h5 f6 18. Nxc6 Bxc6 19. Bxe4 dxe4 20. Qb3+ Qe6 21. Qxe6+
Rxe6 22. Rf2 f5 23. b4 Bb5 24. dxc5 Bxe2 25. Rxe2 bxc5 26. Rec2 Rec6 27. Kf2 a6
28. a4 Rc8 29. g4 g6 30. hxg6 hxg6 31. Kg3 Kf7 32. bxc5 Rxc5 33. Rxc5 Rxc5 34.
Rb1 Rc6 35. Rb7+ Ke6 36. Bb4 Bxb4 1/2-1/2

[Event "25th European Teams"]
[Site "Batumi GEO"]
[Date "2025.10.07"]
[Round "3.9"]
[Board "3"]
[White "Banusz, Tamas"]
[Black "Haring, Filip"]
[Result "1/2-1/2"]
[WhiteTitle "GM"]
[BlackTitle "IM"]
[WhiteElo "2588"]
[BlackElo "2479"]
[WhiteTeam "Hungary"]
[BlackTeam "Slovakia"]
[WhiteFideId "722413"]
[BlackFideId "14933080"]
[EventDate "2025.10.05"]

1. Nf3 Nf6 2. c4 c5 3. Nc3 Nc6 4. g3 d5 5. cxd5 Nxd5 6. Bg2 Nc7 7. a3 g6 8. h4
Bg4 9. d3 Bg7 10. Bd2 Qd7 11. Rc1 O-O 12. Na4 b6 13. b4 Nd4 14. bxc5 Bxf3 15.
exf3 Qe6+ 16. Kf1 Nb3 17. Rb1 Nxd2+ 18. Qxd2 bxc5 19. Kg1 Bd4 20. h5 Rfb8 21.
Re1 Qb3 22. hxg6 hxg6 23. Rxe7 Nd5 24. Rd7 Rd8 25. Rxd8+ Rxd8 26. Qg5 Rd6 27.
Nxc5 Bxc5 28. Qe5 Rf6 29. f4 Qa2 30. d4 Qa1+ 31. Kh2 Qxd4 32. Qxd4 1/2-1/2